000 00830nam a2200205Ii 4500
003 JO-AjNU
008 230605s9999||||xx |||||||||||||| ||und||
040 _aJO-AjNU
_bara
_erda
_cJO-AjNU
041 _aara
050 1 4 _aBP144.S8283 1986
100 3 _aالسبكي، تاج؛ شرح جلال المجلي,
_eauthor
_943731
245 0 0 _aفهرس جمع الجوامع في أصول الفقه : فهرس تحليلي الفبائي
264 3 1 _aالكويت: وزارة الأوقاف والشؤون الإسلامية، 1986
300 _a44ص
336 _atext
_btxt
_2rdacontent
337 _aunmediated
_bn
_2rdamedia
338 _avolume
_bnc
_2rdacarrier
490 0 _aاعمال موسوعية مساعدة(الفهارس والمعاجم الفقهية1)
650 4 _aالفقه الاسلامي- اصول
_943732
999 _aA18821
_c22389
_d22389